000 00257nam a22001217a 4500
008 180104b xxu||||| |||| 00| 0 eng d
041 _aeng
080 _a33
100 _a68
101 _aECO
245 _aTHE INVISIBLE HAND
_cJOHN.E
942 _2udc
_cBK
999 _c39707
_d39707